000 00765nam a2200253Ia 4500
003 OSt
005 20220928121947.0
006 a|||||r|||| 00| 0
007 ta
008 220927b |||||||| |||| 00| 0 eng d
020 _c6949.5
024 _a110857
037 _b317, 03/02/2011, N.R.Book Distributors
_cTextual
040 _aSDCL
_cSDCL
_beng
041 _2eng
_aeng
082 _aG:6g, Q1
100 _aTollefsbol Trygve Ed.
245 0 _aHandbok of epigenetics
_b The new molecular and medical genetics.
260 _aAmsterdam
_bAcademic Press
_c2011
300 _axiii,624p.
_ccm.
650 _aGenetics
942 _hG:6g, Q1
_cTEXL
_2CC
999 _c768725
_d768725